Obchod so zlatom na medzinárodných komoditných trhoch diplomová práca

Guardado en:
Detalles Bibliográficos
Autor principal: Žemla, Jakub
Autor Corporativo: Fakulta medzinárodných vzťahov EU. Katedra medzinárodných ekonomických vzťahov a hospodárskej diplomacie
Otros Autores: Raneta, Leonid, 1982-
Formato: Libro
Lenguaje:eslovaco
Publicado: Bratislava 2018
Etiquetas: Agregar Etiqueta
Sin Etiquetas, Sea el primero en etiquetar este registro!

MARC

LEADER 00000nbm a2200000 4500
001 0244482
005 20180808084458.4
041 0 |a slo 
044 |a SK 
245 1 0 |a Obchod so zlatom na medzinárodných komoditných trhoch  |b diplomová práca  |c Jakub Žemla ; školiteľ: Leonid Raneta 
264 1 |a Bratislava  |c 2018 
300 |a 75 s. 
100 1 |a Žemla, Jakub 
700 1 |a Raneta, Leonid, 1982- 
710 2 |a Fakulta medzinárodných vzťahov EU. Katedra medzinárodných ekonomických vzťahov a hospodárskej diplomacie